| 000 | 00627cam a2200229 4500 | ||
|---|---|---|---|
| 008 | 090401t1998 xxu||||| |||| 00| 0 eng d | ||
| 020 | _a1860811302 | ||
| 035 | _a(Sirsi) u85998 | ||
| 041 | _aeng | ||
| 050 | _a690 | ||
| 110 | _aBuilding Research Establishment | ||
| 245 | _aProtecting buildings against lightning. | ||
| 260 |
_aLondon _bConstruction Research Communications Ltd _c1998 |
||
| 300 | _a8p. : ill. ; 30cm. | ||
| 350 | _a0 | ||
| 490 |
_aBRE Digest _v428 |
||
| 650 | _aLIGHTNING PROTECTION SYSTEMS | ||
| 650 | _aLIGHTNING PROTECTION | ||
| 690 | _aBUILT ENVIRONMENT | ||
| 942 | _n0 | ||
| 948 | _c06/05/1998 | ||
| 999 |
_c97099 _d97099 |
||